Experiences in management and organizational behavior

Αποθηκεύτηκε σε:
Λεπτομέρειες βιβλιογραφικής εγγραφής
Κύριος συγγραφέας: Lewicki, Roy J.
Άλλοι συγγραφείς: Bowen, Donald D., Hall, Douglas T. 1940-, Hall, Francine S.
Μορφή: Βιβλίο
Γλώσσα:English
Δημοσίευση: New York : John Wiley , c1988
Έκδοση:3rd ed.
Θέματα:
Ετικέτες: Προσθήκη ετικέτας
Δεν υπάρχουν, Καταχωρήστε ετικέτα πρώτοι!

MARC

LEADER 00000nam a2200000 i 4500
001 1/63263
008 071116s1988 eng d
020 |a 0471837962 
035 |l 10092338 
040 |a GR-MY-UA  |b gre  |e aacr 
041 0 |a eng 
082 0 |a 658.4 
100 1 |a Lewicki, Roy J. 
245 1 0 |a Experiences in management and organizational behavior /  |c Roy J. Lewicki, Donald D. Bowen, Douglas T. Hall, Francine S. Hall 
250 |a 3rd ed. 
260 |a New York :   |b John Wiley ,   |c c1988 
300 |a 369 σ. 
504 |a Περιλαμβάνει βιβλιογραφία και ευρετήριο 
650 0 0 |a Management  |x Problems, exercises, etc. 
650 0 0 |a Organizational behavior  |x Problems, exercises, etc. 
700 1 |a Bowen, Donald D. 
700 1 |a Hall, Douglas T.  |d 1940- 
700 1 |a Hall, Francine S. 
852 |a INST  |b CHIOS  |e 20071116  |h 658.4 EXP  |p 005200003572  |q 005200003572  |t BK  |y 0 
909 |a Χ  |b 037964 
922 |a 2ΕΛΗ  |b 199802  |c ΤΔΕ  |d ΠΑΠΑΣΩΤΗΡΙΟΥ